<?xml version="1.0" encoding="UTF-8"?>
<collection xmlns="http://www.loc.gov/MARC21/slim">
 <record>
  <leader>02149cam a2200493   4500</leader>
  <controlfield tag="001">1629139173</controlfield>
  <controlfield tag="003">DE-627</controlfield>
  <controlfield tag="005">20240831231124.0</controlfield>
  <controlfield tag="007">tu</controlfield>
  <controlfield tag="008">171017s2013    fr |||||      00| ||fre c</controlfield>
  <datafield tag="020" ind1=" " ind2=" ">
   <subfield code="a">9782878255201</subfield>
   <subfield code="c">br : 29 EUR</subfield>
   <subfield code="9">978-2-87825-520-1</subfield>
  </datafield>
  <datafield tag="024" ind1="3" ind2=" ">
   <subfield code="a">9782878255201</subfield>
  </datafield>
  <datafield tag="035" ind1=" " ind2=" ">
   <subfield code="a">(DE-627)1629139173</subfield>
  </datafield>
  <datafield tag="035" ind1=" " ind2=" ">
   <subfield code="a">(DE-576)494458321</subfield>
  </datafield>
  <datafield tag="035" ind1=" " ind2=" ">
   <subfield code="a">(DE-599)BSZ494458321</subfield>
  </datafield>
  <datafield tag="035" ind1=" " ind2=" ">
   <subfield code="a">(OCoLC)1010413226</subfield>
  </datafield>
  <datafield tag="035" ind1=" " ind2=" ">
   <subfield code="a">(BNF)01400148</subfield>
  </datafield>
  <datafield tag="040" ind1=" " ind2=" ">
   <subfield code="a">DE-627</subfield>
   <subfield code="b">ger</subfield>
   <subfield code="c">DE-627</subfield>
   <subfield code="e">rda</subfield>
  </datafield>
  <datafield tag="041" ind1=" " ind2=" ">
   <subfield code="a">fre</subfield>
  </datafield>
  <datafield tag="044" ind1=" " ind2=" ">
   <subfield code="c">XA-FR</subfield>
  </datafield>
  <datafield tag="082" ind1="0" ind2=" ">
   <subfield code="a">271.791 3</subfield>
  </datafield>
  <datafield tag="245" ind1="1" ind2="3">
   <subfield code="a">L' économie templière en Occident</subfield>
   <subfield code="b">patrimoines, commerce, finances ; actes du colloque international, Troyes, abbaye de Clairvaux, 24-26 octobre 2012</subfield>
   <subfield code="c">sous la direction d'Arnaud Baudin, Ghislain Brunel et Nicolas Dohrmann</subfield>
  </datafield>
  <datafield tag="264" ind1=" " ind2="1">
   <subfield code="a">Langres</subfield>
   <subfield code="b">Guéniot</subfield>
   <subfield code="c">DL 2013</subfield>
  </datafield>
  <datafield tag="300" ind1=" " ind2=" ">
   <subfield code="a">541 Seiten</subfield>
   <subfield code="b">Illustrationen,  Karten</subfield>
   <subfield code="c">24 cm</subfield>
  </datafield>
  <datafield tag="336" ind1=" " ind2=" ">
   <subfield code="a">Text</subfield>
   <subfield code="b">txt</subfield>
   <subfield code="2">rdacontent</subfield>
  </datafield>
  <datafield tag="337" ind1=" " ind2=" ">
   <subfield code="a">ohne Hilfsmittel zu benutzen</subfield>
   <subfield code="b">n</subfield>
   <subfield code="2">rdamedia</subfield>
  </datafield>
  <datafield tag="338" ind1=" " ind2=" ">
   <subfield code="a">Band</subfield>
   <subfield code="b">nc</subfield>
   <subfield code="2">rdacarrier</subfield>
  </datafield>
  <datafield tag="500" ind1=" " ind2=" ">
   <subfield code="a">Textes et résumés en français et en anglais</subfield>
  </datafield>
  <datafield tag="500" ind1=" " ind2=" ">
   <subfield code="a">Index</subfield>
  </datafield>
  <datafield tag="610" ind1="2" ind2="4">
   <subfield code="a">Ordre du Temple</subfield>
  </datafield>
  <datafield tag="650" ind1=" " ind2="4">
   <subfield code="a">Geschichte 1050-1310</subfield>
   <subfield code="7">(dpeaa)DE-2491</subfield>
  </datafield>
  <datafield tag="650" ind1=" " ind2="4">
   <subfield code="a">Kongreß</subfield>
   <subfield code="7">(dpeaa)DE-2491</subfield>
  </datafield>
  <datafield tag="650" ind1=" " ind2="4">
   <subfield code="a">Europa</subfield>
   <subfield code="7">(dpeaa)DE-2491</subfield>
  </datafield>
  <datafield tag="650" ind1=" " ind2="4">
   <subfield code="a">Palästina</subfield>
   <subfield code="7">(dpeaa)DE-2491</subfield>
  </datafield>
  <datafield tag="650" ind1=" " ind2="4">
   <subfield code="a">Templerorden</subfield>
   <subfield code="7">(dpeaa)DE-2491</subfield>
  </datafield>
  <datafield tag="650" ind1=" " ind2="4">
   <subfield code="a">Wirtschaft</subfield>
   <subfield code="7">(dpeaa)DE-2491</subfield>
  </datafield>
  <datafield tag="655" ind1=" " ind2="7">
   <subfield code="a">Konferenzschrift</subfield>
   <subfield code="0">(DE-588)1071861417</subfield>
   <subfield code="0">(DE-627)826484824</subfield>
   <subfield code="0">(DE-576)433375485</subfield>
   <subfield code="2">gnd-content</subfield>
  </datafield>
  <datafield tag="700" ind1="1" ind2=" ">
   <subfield code="a">Baudin, Arnaud</subfield>
   <subfield code="d">1973-</subfield>
   <subfield code="e">ChefredakteurIn</subfield>
   <subfield code="0">(DE-588)102580290X</subfield>
   <subfield code="0">(DE-627)724282017</subfield>
   <subfield code="0">(DE-576)370796950</subfield>
   <subfield code="4">edd</subfield>
  </datafield>
  <datafield tag="700" ind1="1" ind2=" ">
   <subfield code="a">Brunel, Ghislain</subfield>
   <subfield code="d">1960-</subfield>
   <subfield code="e">ChefredakteurIn</subfield>
   <subfield code="0">(DE-588)1044971053</subfield>
   <subfield code="0">(DE-627)773358943</subfield>
   <subfield code="0">(DE-576)167013033</subfield>
   <subfield code="4">edd</subfield>
  </datafield>
  <datafield tag="700" ind1="1" ind2=" ">
   <subfield code="a">Dohrmann, Nicolas</subfield>
   <subfield code="d">1978-</subfield>
   <subfield code="e">ChefredakteurIn</subfield>
   <subfield code="0">(DE-588)1047031388</subfield>
   <subfield code="0">(DE-627)777453886</subfield>
   <subfield code="0">(DE-576)400349833</subfield>
   <subfield code="4">edd</subfield>
  </datafield>
  <datafield tag="787" ind1="0" ind2="8">
   <subfield code="i">Rezensiert in</subfield>
   <subfield code="a">Soulay, Véronique</subfield>
   <subfield code="t">[Rezension von: Arnaud Baudin (Hrsg.), L'économie templière en occident. Patrimoines, commerce, finances]</subfield>
   <subfield code="d">2016</subfield>
   <subfield code="w">(DE-627)1815339055</subfield>
  </datafield>
  <datafield tag="951" ind1=" " ind2=" ">
   <subfield code="a">BO</subfield>
  </datafield>
  <datafield tag="991" ind1=" " ind2=" ">
   <subfield code="a">Rezensiertes Werk</subfield>
  </datafield>
  <datafield tag="999" ind1=" " ind2=" ">
   <subfield code="a">KXP-PPN1629139173</subfield>
   <subfield code="e">4183686989</subfield>
  </datafield>
 </record>
</collection>
